000 00302nam a2200121Ia 4500
008 190216s9999||||xx |||||||||||||| ||und||
100 _aWilliam Shakespeare
245 4 _aThe Merchant Of Venice
260 _bUniversity Of London Press
_c1964
300 _a176p
650 _aEnglish Drama
942 _cBK
999 _c13128
_d13128